[Event "Politiken Cup 31st"]
[Site "Helsingor"]
[Date "2009.07.19"]
[Round "2"]
[White "Jiretorn, Eva"]
[Black "Frisvold, Ole Emil"]
[Result "1/2-1/2"]
[WhiteElo "2150"]
[BlackElo "1827"]
[PlyCount "68"]
[EventDate "2009.07.18"]
[EventType "swiss"]
[EventRounds "10"]
[EventCountry "DEN"]
[SourceTitle "CBM 131 Extra"]
[Source "ChessBase"]
[SourceDate "2009.09.03"]
[SourceVersion "2"]
[SourceVersionDate "2009.09.16"]
[SourceQuality "1"]

1. d4 Nf6 2. c4 c5 3. Nf3 g6 4. Nc3 Bg7 5. e4 0-0 6. d5 b5 7. e5 Ng4 8. Bf4 b4 9. Ne4 d6 10. exd6 exd6 11. Be2 Ne5 12. Nxe5 dxe5 13. Be3 f5 14. Nxc5 f4 15. Bd2 Qb6 16. Ne4 Qd4 17. Qc2 Bf5 18. f3 a5 19. Rd1 Na6 20. Bxf4 Bxe4 21. fxe4 b3 22. axb3 Nb4 23. Qb1 Qc5 24. Bg3 Bh6 25. Rf1 Rxf1+ 26. Kxf1 Qe3 27. Bf3 Rf8 28. Re1 Rxf3+ 29. gxf3 Qxf3+ 30. Kg1 Nd3 31. d6 Be3+ 32. Rxe3 Qxe3+ 33. Kf1 Qf3+ 34. Kg1 Qe3+ 1/2-1/2

[Event "Politiken Cup 31st"]
[Site "Helsingor"]
[Date "2009.07.18"]
[Round "1"]
[White "Caceres, Cipriano Sande"]
[Black "Jiretorn, Eva"]
[Result "1/2-1/2"]
[WhiteElo "1766"]
[BlackElo "2150"]
[PlyCount "116"]
[EventDate "2009.07.18"]
[EventType "swiss"]
[EventRounds "10"]
[EventCountry "DEN"]
[SourceTitle "CBM 131 Extra"]
[Source "ChessBase"]
[SourceDate "2009.09.03"]
[SourceVersion "2"]
[SourceVersionDate "2009.09.16"]
[SourceQuality "1"]

1. c4 c5 2. g3 Nc6 3. Bg2 e5 4. Nc3 g6 5. e3 Bg7 6. Nge2 Nge7 7. 0-0 0-0 8. f4 d6 9. b3 f5 10. Bb2 e4 11. d4 cxd4 12. exd4 d5 13. c5 b6 14. cxb6 axb6 15. Re1 Ba6 16. Na4 Bb5 17. Bf1 Ra6 18. Qd2 Qd6 19. Nc1 Bxf1 20. Kxf1 g5 21. Ne2 Ng6 22. Kg1 gxf4 23. Nxf4 Bh6 24. Rf1 Bxf4 25. gxf4 Nh4 26. Kh1 Nf3 27. Qe3 Nb4 28. Ba3 b5 29. Bxb4 Qxb4 30. Nc5 Rh6 31. Rxf3 exf3 32. Rg1+ Rg6 33. Qe6+ Kh8 34. Qe5+ Rgf6 35. Nd7 Qd6 36. Nxf8 Qxe5 37. fxe5 Rxf8 38. Rf1 Kg7 39. Rxf3 Kg6 40. Kg2 f4 41. Rc3 b4 42. Rc6+ Kg5 43. Kf3 Ra8 44. h4+ Kxh4 45. Kxf4 h5 46. Rc1 Rf8+ 47. Ke3 Kg3 48. Rg1+ Kh2 49. Rg6 h4 50. Rf6 Rg8 51. e6 h3 52. e7 Re8 53. Rf7 Kg2 54. Rg7+ Kf1 55. Rh7 Kg2 56. Kf4 h2 57. Rg7+ Kf2 58. Rh7 Kg2 1/2-1/2

[Event "WMSG Rapid Team 1st (Women)"]
[Site "Beijing"]
[Date "2008.10.15"]
[Round "6"]
[White "Estrada Gaspar, Nelly Massiel"]
[Black "Jiretorn, Eva"]
[Result "0-1"]
[WhiteElo "2086"]
[BlackElo "2150"]
[PlyCount "69"]
[EventDate "2008.10.14"]
[EventType "team (rapid)"]
[EventRounds "9"]
[EventCountry "CHN"]
[SourceTitle "CBM 126 Extra"]
[Source "ChessBase"]
[SourceDate "2008.11.05"]
[SourceVersion "1"]
[SourceVersionDate "2008.11.05"]
[SourceQuality "1"]

1. f4 d5 2. Nf3 c5 3. e3 Nf6 4. b3 g6 5. Bb2 Bg7 6. Ne5 0-0 7. Bd3 a6 8. 0-0 e6 9. a4 b6 10. Nc3 Bb7 11. Qe1 Nc6 12. Nxc6 Bxc6 13. Nd1 b5 14. axb5 axb5 15. Rxa8 Qxa8 16. Be5 c4 17. Be2 cxb3 18. cxb3 Qa2 19. b4 Qb3 20. Qh4 Ne4 21. Bxg7 Kxg7 22. d3 Nd2 23. Rf2 Qxb4 24. g4 Ra8 25. Qg5 f6 26. Qh4 Ra1 27. g5 f5 28. Qh6+ Kg8 29. Bh5 Be8 30. Be2 Qf8 31. Qh3 b4 32. Bf3 Nxf3+ 33. Qxf3 Qc5 34. Kg2 Bc6 35. Nb2 0-1

[Event "WMSG Blitz Team 1st (Women)"]
[Site "Beijing"]
[Date "2008.10.13"]
[Round "4"]
[White "Exler, Veronika"]
[Black "Jiretorn, Eva"]
[Result "0-1"]
[WhiteElo "2024"]
[BlackElo "2150"]
[PlyCount "27"]
[EventDate "2008.10.13"]
[EventType "team (blitz)"]
[EventRounds "11"]
[EventCountry "CHN"]
[SourceTitle "CBM 126 Extra"]
[Source "ChessBase"]
[SourceDate "2008.11.05"]
[SourceVersion "1"]
[SourceVersionDate "2008.11.05"]
[SourceQuality "1"]

1. e4 c5 2. c3 d5 3. exd5 Qxd5 4. Nf3 Nf6 5. d4 cxd4 6. cxd4 e6 7. Be2 Qd6 8. Nc3 Be7 9. 0-0 Qd8 10. Nb5 Nd5 11. Bf4 a6 12. Bg3 Nc6 13. Nc3 0-0 14. Rc1 0-1

[Event "Rilton Cup 37th"]
[Site "Stockholm"]
[Date "2008.01.02"]
[Round "6"]
[White "Jiretorn, Eva"]
[Black "Farago, Ivan"]
[Result "0-1"]
[WhiteElo "2121"]
[BlackElo "2504"]
[PlyCount "78"]
[EventDate "2007.12.27"]
[EventType "swiss"]
[EventRounds "9"]
[EventCountry "SWE"]
[SourceTitle "CBM 122 Extra"]
[Source "ChessBase"]
[SourceDate "2008.03.04"]
[SourceVersion "1"]
[SourceVersionDate "2008.03.04"]
[SourceQuality "1"]

1. d4 Nf6 2. c4 e6 3. Nf3 b6 4. Bf4 Bb7 5. Nc3 Bb4 6. e3 Ne4 7. Qc2 0-0 8. Bd3 f5 9. h3 d6 10. 0-0-0 Bxc3 11. bxc3 Nd7 12. Rhg1 Qe7 13. Kb1 c5 14. g4 e5 15. gxf5 exf4 16. d5 fxe3 17. Bxe4 exf2 18. Rg2 Ne5 19. Ng5 Nxc4 20. Qe2 Rxf5 21. Ne6 Ba6 22. Qg4 Ne3 23. Qxg7+ Qxg7 24. Rxg7+ Kh8 25. Bxf5 Nxf5 26. Rf7 f1Q 27. Rxf1 Bxf1 28. Kc1 Bd3 29. Kd2 Bb1 30. a4 Ng3 31. Ke3 Bg6 32. Rd7 Be8 33. Rc7 Bxa4 34. Kf4 Ne2+ 35. Kg5 Rg8+ 36. Kh6 Rg6+ 37. Kh5 Ng3+ 38. Kh4 Nf5+ 39. Kh5 Bd1# 0-1

[Event "EU-chT (Women) 16th"]
[Site "Heraklion"]
[Date "2007.11.06"]
[Round "9"]
[White "Bashkite, Viktoria"]
[Black "Jiretorn, Eva"]
[Result "1-0"]
[WhiteElo "2193"]
[BlackElo "2121"]
[PlyCount "133"]
[EventDate "2007.10.28"]
[EventType "team-tourn"]
[EventRounds "9"]
[EventCountry "GRE"]
[SourceTitle "EXT 2008"]
[Source "ChessBase"]
[SourceDate "2007.11.25"]
[SourceVersion "1"]
[SourceVersionDate "2007.11.25"]
[SourceQuality "1"]
[WhiteTeam "Estonia (W)"]
[BlackTeam "Sweden (W)"]
[WhiteTeamCountry "EST"]
[BlackTeamCountry "SWE"]

1. c4 c5 2. Nf3 Nc6 3. d4 cxd4 4. Nxd4 g6 5. Nc3 Nf6 6. e4 Nxd4 7. Qxd4 Bg7 8. Be2 0-0 9. Qd3 d6 10. 0-0 Be6 11. Be3 Nd7 12. Qd2 Rc8 13. b3 Kh8 14. Rac1 a5 15. f4 f5 16. exf5 gxf5 17. Bf3 Nc5 18. Rfe1 Bd7 19. Bd4 Rf7 20. Bh5 Bxd4+ 21. Qxd4+ Rg7 22. Re3 Ne6 23. Rxe6 Bxe6 24. Re1 Qg8 25. Bf3 Rc7 26. Ne2 Bf7 27. Ng3 Qc8 28. Bh5 Bg6 29. Bf3 Rd7 30. Bd5 Qc5 31. Qxc5 dxc5 32. Re5 Rxd5 33. Rxd5 b6 34. Nxf5 Bxf5 35. Rxf5 Kg8 36. Kf2 h6 37. Kf3 Rg6 38. g4 e6 39. Re5 Kf7 40. Re3 Rg8 41. Rd3 Ke7 42. h4 h5 43. g5 Rf8 44. Ke4 Rf7 45. a4 Rf5 46. Rg3 Kf7 47. Rg2 Kf8 48. g6 Kg7 49. Rg5 Rf8 50. Ke5 Re8 51. Kd6 Rf8 52. Ke5 Re8 53. Rxh5 Kxg6 54. Rg5+ Kf7 55. h5 Rh8 56. Kd6 Rd8+ 57. Kc7 Rd4 58. h6 Rxf4 59. Rh5 Kg8 60. Kxb6 Rf3 61. Kxc5 Rxb3 62. Kd6 Rb4 63. c5 Rxa4 64. c6 Rd4+ 65. Kc5 Rd1 66. c7 Kh7 67. Rh4 1-0

[Event "EU-chT (Women) 16th"]
[Site "Heraklion"]
[Date "2007.10.31"]
[Round "4"]
[White "Jiretorn, Eva"]
[Black "Puuska, Heini"]
[Result "1-0"]
[WhiteElo "2121"]
[BlackElo "2016"]
[PlyCount "131"]
[EventDate "2007.10.28"]
[EventType "team-tourn"]
[EventRounds "9"]
[EventCountry "GRE"]
[SourceTitle "EXT 2008"]
[Source "ChessBase"]
[SourceDate "2007.11.25"]
[SourceVersion "1"]
[SourceVersionDate "2007.11.25"]
[SourceQuality "1"]
[WhiteTeam "Sweden (W)"]
[BlackTeam "Finland (W)"]
[WhiteTeamCountry "SWE"]
[BlackTeamCountry "FIN"]

1. d4 Nf6 2. c4 e6 3. Nf3 d5 4. g3 Be7 5. Bg2 0-0 6. 0-0 c6 7. Qc2 b6 8. Nbd2 Bb7 9. e4 a5 10. Rd1 Na6 11. a3 Rc8 12. b3 Rc7 13. Bb2 Qa8 14. Rac1 c5 15. exd5 exd5 16. dxc5 Nxc5 17. Ng5 Ncd7 18. Qf5 h6 19. Nh3 dxc4 20. Bxb7 Qxb7 21. Nxc4 Rc5 22. Qf4 Rh5 23. Ne5 Nxe5 24. Bxe5 Rc8 25. Bxf6 Bxf6 26. Qg4 Rxc1 27. Rxc1 Rc5 28. Re1 Qc6 29. Qf4 Qc8 30. Kg2 Rc3 31. Qa4 Qc6+ 32. Qxc6 Rxc6 33. Re3 Rc3 34. Rxc3 Bxc3 35. Kf3 Kf8 36. Nf4 b5 37. a4 bxa4 38. bxa4 Ke8 39. Ke4 Kd7 40. Kd5 g5 41. Ne2 Bb4 42. g4 Ke7 43. h3 Kf6 44. Nd4 Kg6 45. Nc6 Be1 46. Ne5+ Kf6 47. f3 Bc3 48. Nc6 Kg6 49. Kc4 Be1 50. Kb5 f5 51. Ne7+ Kf6 52. Nxf5 h5 53. Ne3 h4 54. Nc4 Ke6 55. Nxa5 Ke5 56. Nc6+ Kf4 57. Nd4 Kg3 58. Ne6 Kxh3 59. Nxg5+ Kg3 60. a5 Kf4 61. a6 Bf2 62. Nh3+ Kg3 63. Nxf2 Kxf2 64. a7 h3 65. a8Q h2 66. f4 1-0

[Event "EU-chT (Women) 16th"]
[Site "Heraklion"]
[Date "2007.10.30"]
[Round "3"]
[White "Blazkova, Petra"]
[Black "Jiretorn, Eva"]
[Result "1/2-1/2"]
[WhiteElo "2239"]
[BlackElo "2121"]
[PlyCount "63"]
[EventDate "2007.10.28"]
[EventType "team-tourn"]
[EventRounds "9"]
[EventCountry "GRE"]
[SourceTitle "EXT 2008"]
[Source "ChessBase"]
[SourceDate "2007.11.25"]
[SourceVersion "1"]
[SourceVersionDate "2007.11.25"]
[SourceQuality "1"]
[WhiteTeam "Czech Republic (W)"]
[BlackTeam "Sweden (W)"]
[WhiteTeamCountry "CZE"]
[BlackTeamCountry "SWE"]

1. e4 c5 2. Nc3 Nc6 3. Bb5 g6 4. Bxc6 dxc6 5. d3 e5 6. Be3 Qe7 7. Qd2 Bg7 8. a4 Nf6 9. h3 b6 10. Nge2 h6 11. f3 Be6 12. f4 exf4 13. Nxf4 g5 14. Nxe6 Qxe6 15. 0-0 0-0 16. Qe2 c4 17. Rf5 cxd3 18. cxd3 Ne8 19. h4 Nd6 20. hxg5 Nxf5 21. exf5 Qxf5 22. gxh6 Be5 23. Rf1 Qg6 24. Ne4 f5 25. d4 Bc7 26. Qc4+ Kh8 27. Ng5 Rae8 28. Bd2 f4 29. Nf3 Rg8 30. Rf2 Qb1+ 31. Rf1 Qg6 32. Rf2 1/2-1/2

[Event "EU-Cup (Women) 11th"]
[Site "Fuegen"]
[Date "2006.10.10"]
[Round "3.2"]
[White "Paehtz, Elisabeth"]
[Black "Jiretorn, Eva"]
[Result "1-0"]
[WhiteElo "2449"]
[BlackElo "2109"]
[PlyCount "93"]
[EventDate "2006.10.08"]
[EventType "team-swiss"]
[EventRounds "7"]
[EventCountry "AUT"]
[SourceTitle "EXT 2013"]
[Source "ChessBase"]
[SourceDate "2012.11.22"]
[SourceVersion "1"]
[SourceVersionDate "2012.11.22"]
[SourceQuality "1"]
[WhiteTeam "Saratov Economist (W)"]
[BlackTeam "Stockholm Kristallen (W)"]
[WhiteTeamCountry "RUS"]
[BlackTeamCountry "SWE"]

1. e4 c5 2. Nc3 Nc6 3. Bb5 Nd4 4. Bc4 e6 5. Nf3 a6 6. Nxd4 cxd4 7. Ne2 b5 8. Bb3 Bb7 9. d3 Bc5 10. 0-0 Ne7 11. Ng3 Ng6 12. Qh5 Bd6 13. Ne2 Qb6 14. Kh1 Qc5 15. Qh3 0-0 16. c3 dxc3 17. bxc3 Kh8 18. Be3 Qc7 19. c4 bxc4 20. Rac1 cxd3 21. Rxc7 dxe2 22. Rcc1 exf1Q+ 23. Rxf1 Bxe4 24. Rd1 Nf4 25. Bxf4 Bxf4 26. Qg4 g5 27. Rxd7 Rad8 28. Qd1 Bd5 29. Qa1+ Kg8 30. Rxd5 exd5 31. g3 Bb8 32. Qf6 Rd6 33. Qxg5+ Kh8 34. Bxd5 Rg6 35. Qf5 Kg7 36. h4 h6 37. Kg2 Ba7 38. Be4 Re8 39. f4 Rf6 40. Qh7+ Kf8 41. Bd5 Rd8 42. Bc4 Rdd6 43. Kh3 Rc6 44. Bb3 Bf2 45. Ba4 Rb6 46. Qh8+ Ke7 47. Qe8+ 1-0

[Event "EU-Cup (Women) 11th"]
[Site "Fuegen"]
[Date "2006.10.09"]
[Round "2.2"]
[White "Jiretorn, Eva"]
[Black "Kosintseva, Nadezhda"]
[Result "0-1"]
[WhiteElo "2109"]
[BlackElo "2493"]
[PlyCount "102"]
[EventDate "2006.10.08"]
[EventType "team-swiss"]
[EventRounds "7"]
[EventCountry "AUT"]
[SourceTitle "EXT 2013"]
[Source "ChessBase"]
[SourceDate "2012.11.22"]
[SourceVersion "1"]
[SourceVersionDate "2012.11.22"]
[SourceQuality "1"]
[WhiteTeam "Stockholm Kristallen (W)"]
[BlackTeam "Krasnoturinsk AVS (W)"]
[WhiteTeamCountry "SWE"]
[BlackTeamCountry "RUS"]

1. d4 Nf6 2. c4 e6 3. Nf3 d5 4. g3 Be7 5. Bg2 0-0 6. 0-0 dxc4 7. Ne5 Nc6 8. Nxc6 bxc6 9. Bxc6 Rb8 10. Bg2 Bb7 11. Bxb7 Rxb7 12. e3 c5 13. dxc5 Qc8 14. Qc2 Qxc5 15. Nd2 Rc8 16. b3 c3 17. Nc4 Qh5 18. f3 Nd5 19. g4 Qh3 20. Qg2 Qxg2+ 21. Kxg2 Nb6 22. Nxb6 Rxb6 23. Rf2 Bf6 24. Rc2 Rd6 25. Ba3 Ra6 26. Bb4 Rb8 27. Bc5 Rxb3 28. axb3 Rxa1 29. Bd4 Bxd4 30. exd4 g5 31. Rxc3 Ra3 32. Rc8+ Kg7 33. Rc7 Rxb3 34. Rxa7 Rd3 35. Rd7 Kg6 36. h3 Rd2+ 37. Kg3 f5 38. gxf5+ exf5 39. h4 f4+ 40. Kh3 h6 41. Rd6+ Kh5 42. hxg5 hxg5 43. Rd8 Rf2 44. Rh8+ Kg6 45. Rg8+ Kf6 46. d5 Rxf3+ 47. Kg4 Rg3+ 48. Kh5 Kf5 49. Rf8+ Ke5 50. Rd8 f3 51. d6 Ke6 0-1

[Event "Olympiad Women-37"]
[Site "Turin"]
[Date "2006.06.03"]
[Round "12"]
[White "Borsuk, Angela"]
[Black "Jiretorn, Eva"]
[Result "1-0"]
[WhiteElo "2341"]
[BlackElo "2117"]
[PlyCount "97"]
[EventDate "2006.05.21"]
[EventType "team-swiss"]
[EventRounds "13"]
[EventCountry "ITA"]
[SourceTitle "CBM 112 Extra"]
[Source "ChessBase"]
[SourceDate "2006.07.14"]
[SourceVersion "1"]
[SourceVersionDate "2006.07.14"]
[SourceQuality "1"]
[WhiteTeam "Israel (W)"]
[BlackTeam "Sweden (W)"]
[WhiteTeamCountry "ISR"]
[BlackTeamCountry "SWE"]

1. d4 d5 2. c4 c6 3. Nf3 Nf6 4. e3 Bf5 5. Nc3 a6 6. a4 a5 7. Qb3 Bc8 8. cxd5 Nxd5 9. Nxd5 Qxd5 10. Bc4 Qf5 11. 0-0 e6 12. e4 Qg6 13. Bd2 Be7 14. Rfe1 0-0 15. Ne5 Qf6 16. Re3 Bd6 17. Rg3 g6 18. Ng4 Qh4 19. Nh6+ Kg7 20. Bg5 Bxg3 21. Bxh4 Bxh4 22. Ng4 h5 23. Ne5 Na6 24. Bxa6 Rxa6 25. Nc4 Be7 26. Nb6 Bb4 27. Nxc8 Rxc8 28. Qc4 Raa8 29. h3 Rd8 30. Rd1 Rd7 31. g4 hxg4 32. hxg4 Rad8 33. Kf1 Be7 34. Qc3 Bb4 35. Qc4 Be7 36. Ke2 Bf6 37. Qc3 Bxd4 38. Qxa5 c5 39. Qd2 Rh8 40. Qf4 e5 41. Qg3 Re7 42. g5 Re6 43. b3 f6 44. Qg4 Rd6 45. Rd3 fxg5 46. Rf3 Rh4 47. Qc8 Rxe4+ 48. Kf1 g4 49. Qf8+ 1-0

[Event "Olympiad Women-37"]
[Site "Turin"]
[Date "2006.06.02"]
[Round "11"]
[White "Jiretorn, Eva"]
[Black "Juergens, Vera"]
[Result "1/2-1/2"]
[WhiteElo "2117"]
[BlackElo "2330"]
[PlyCount "142"]
[EventDate "2006.05.21"]
[EventType "team-swiss"]
[EventRounds "13"]
[EventCountry "ITA"]
[SourceTitle "CBM 112 Extra"]
[Source "ChessBase"]
[SourceDate "2006.07.14"]
[SourceVersion "1"]
[SourceVersionDate "2006.07.14"]
[SourceQuality "1"]
[WhiteTeam "Sweden (W)"]
[BlackTeam "Germany (W)"]
[WhiteTeamCountry "SWE"]
[BlackTeamCountry "GER"]

1. d4 Nf6 2. c4 e6 3. Nf3 d5 4. g3 Bb4+ 5. Bd2 Be7 6. Nc3 c6 7. Qc2 Nbd7 8. e4 dxc4 9. Bxc4 b5 10. Be2 Bb7 11. 0-0 Nb6 12. Rad1 b4 13. Nb1 0-0 14. h3 Rc8 15. Be3 Qe8 16. Nbd2 c5 17. dxc5 Na4 18. Qb3 a5 19. c6 Bxc6 20. Rc1 Bd7 21. Rxc8 Qxc8 22. Ne5 Be8 23. f3 Bc5 24. Ndc4 Qc7 25. Kf2 Bxe3+ 26. Qxe3 Nxb2 27. Nxb2 Qxe5 28. Nc4 Qc7 29. Qb6 Qxb6+ 30. Nxb6 Bc6 31. Rc1 Bb7 32. Rc7 Rb8 33. Nc4 a4 34. Nd6 Ba8 35. Bc4 Ne8 36. Nxe8 Rxe8 37. Bb5 Rd8 38. Bxa4 g6 39. Ke3 Kg7 40. Bb3 Kf8 41. Kf4 Re8 42. Ke5 Kg7 43. Kd4 g5 44. Kc5 h5 45. g4 hxg4 46. hxg4 Kf6 47. Kxb4 Rh8 48. Ba4 Kg6 49. Bb5 f5 50. exf5+ exf5 51. Bc6 Kf6 52. a4 Ke5 53. Bxa8 fxg4 54. Rc5+ Kf4 55. Rc4+ Ke3 56. Rxg4 Rb8+ 57. Ka3 Rxa8 58. Rxg5 Kxf3 59. Kb4 Ke4 60. Rc5 Kd4 61. Rc7 Rb8+ 62. Ka5 Ra8+ 63. Kb5 Rb8+ 64. Ka6 Ra8+ 65. Ra7 Rxa7+ 66. Kxa7 Kc5 67. a5 Kc6 68. Ka6 Kc7 69. Kb5 Kb7 70. a6+ Ka7 71. Ka5 Ka8 1/2-1/2

[Event "EU-chT (Women) 15th"]
[Site "Gothenburg"]
[Date "2005.07.30"]
[Round "1"]
[White "Voiska, Margarita"]
[Black "Jiretorn, Eva"]
[Result "1-0"]
[WhiteElo "2328"]
[BlackElo "2134"]
[PlyCount "51"]
[EventDate "2005.07.30"]
[EventType "team-swiss"]
[EventRounds "9"]
[EventCountry "SWE"]
[SourceTitle "CBM 107 Extra"]
[Source "ChessBase"]
[SourceDate "2005.09.01"]
[SourceVersion "1"]
[SourceVersionDate "2005.09.01"]
[SourceQuality "1"]
[WhiteTeam "Bulgaria (W)"]
[BlackTeam "Sweden (W) II"]
[WhiteTeamCountry "BUL"]
[BlackTeamCountry "SWE"]

1. d4 d5 2. c4 c6 3. e3 Nf6 4. Nf3 a6 5. Nbd2 b5 6. b3 Bg4 7. Qc2 e6 8. Bd3 Be7 9. Ne5 Bh5 10. 0-0 0-0 11. Bb2 h6 12. h3 Nfd7 13. g4 Nxe5 14. dxe5 Bg6 15. Bxg6 fxg6 16. Qxg6 dxc4 17. Ne4 cxb3 18. Nf6+ Bxf6 19. exf6 Rf7 20. fxg7 Qg5 21. Qxe6 Nd7 22. axb3 Nc5 23. Qxc6 Rd8 24. Rad1 Nd3 25. Rxd3 Rxd3 26. Qe8+ 1-0

[Event "Rilton Cup 34th"]
[Site "Stockholm"]
[Date "2004.12.30"]
[Round "4"]
[White "Tocklin, Tomi"]
[Black "Jiretorn, Eva"]
[Result "0-1"]
[WhiteElo "1969"]
[BlackElo "2145"]
[PlyCount "66"]
[EventDate "2004.12.27"]
[EventType "swiss"]
[EventRounds "9"]
[EventCountry "SWE"]
[SourceTitle "CBM 104 Extra"]
[Source "ChessBase"]
[SourceDate "2005.03.01"]
[SourceVersion "1"]
[SourceVersionDate "2005.03.01"]
[SourceQuality "1"]

1. e4 c5 2. Nf3 Nc6 3. Bb5 g6 4. 0-0 Bg7 5. c3 e5 6. d3 Nge7 7. Na3 a6 8. Ba4 b5 9. Bc2 d6 10. Be3 f5 11. exf5 Nxf5 12. Bg5 Bf6 13. Qd2 h6 14. Be3 Bb7 15. d4 cxd4 16. cxd4 Ncxd4 17. Nxd4 exd4 18. Bxf5 gxf5 19. Bxd4 0-0 20. Rae1 Qc7 21. Bxf6 Rxf6 22. Qc2 Qg7 23. f3 Rc8 24. Qb3+ Kh7 25. Re6 Rg8 26. Rf2 Rxe6 27. Qxe6 Qe5 28. Qxe5 dxe5 29. Kf1 e4 30. fxe4 Bxe4 31. Rd2 Rc8 32. Kf2 b4 33. Rd7+ Kg8 0-1

[Event "EU-Cup (Women) 09th"]
[Site "Izmir"]
[Date "2004.10.04"]
[Round "2.2"]
[White "Jiretorn, Eva"]
[Black "Sirotkina, Nina"]
[Result "1/2-1/2"]
[WhiteElo "2145"]
[BlackElo "2221"]
[PlyCount "96"]
[EventDate "2004.10.03"]
[EventType "team-swiss"]
[EventRounds "7"]
[EventCountry "TUR"]
[SourceTitle "EXT 2013"]
[Source "ChessBase"]
[SourceDate "2012.11.22"]
[SourceVersion "1"]
[SourceVersionDate "2012.11.22"]
[SourceQuality "1"]
[WhiteTeam "Stockholm Kristallen (W)"]
[BlackTeam "St Petersburg Chigorin (W)"]
[WhiteTeamCountry "SWE"]
[BlackTeamCountry "RUS"]

1. d4 Nf6 2. c4 e6 3. Nf3 b6 4. a3 Bb7 5. g3 Be7 6. Bg2 0-0 7. 0-0 d5 8. Ne5 Nbd7 9. Nc3 c6 10. Nxd7 Nxd7 11. cxd5 exd5 12. Bf4 a5 13. Rc1 Nf6 14. e4 dxe4 15. Nxe4 Nd5 16. Bd2 Qd7 17. Nc3 Nxc3 18. Bxc3 Bg5 19. Rc2 Rfd8 20. d5 c5 21. h4 Be7 22. Qh5 Bf8 23. Re1 Re8 24. Rce2 Rxe2 25. Rxe2 b5 26. Kh2 b4 27. axb4 axb4 28. Bd2 c4 29. Bf4 Rd8 30. Qe5 h6 31. Rc2 Ba6 32. Be4 Re8 33. Qf5 Qxf5 34. Bxf5 Rd8 35. Be4 Bd6 36. Bxd6 Rxd6 37. Kg2 g6 38. f4 h5 39. Kf2 Kf8 40. Ke3 Ke7 41. Kd4 Rb6 42. Kc5 Rb8 43. d6+ Ke6 44. Rd2 c3 45. bxc3 bxc3 46. Rc2 Rc8+ 47. Kb6 Bf1 48. Bb7 Rc4 1/2-1/2

[Event "EU-Cup (Women) 09th"]
[Site "Izmir"]
[Date "2004.10.03"]
[Round "1.2"]
[White "Jiretorn, Eva"]
[Black "Gaponenko, Inna"]
[Result "0-1"]
[WhiteElo "2145"]
[BlackElo "2445"]
[PlyCount "63"]
[EventDate "2004.10.03"]
[EventType "team-swiss"]
[EventRounds "7"]
[EventCountry "TUR"]
[SourceTitle "EXT 2013"]
[Source "ChessBase"]
[SourceDate "2012.11.22"]
[SourceVersion "1"]
[SourceVersionDate "2012.11.22"]
[SourceQuality "1"]
[WhiteTeam "Stockholm Kristallen (W)"]
[BlackTeam "Belgrade BAS (W)"]
[WhiteTeamCountry "SWE"]
[BlackTeamCountry "SRB"]

1. d4 Nf6 2. c4 e6 3. Nf3 d5 4. g3 dxc4 5. Bg2 Nbd7 6. a4 a6 7. Nbd2 Bb4 8. 0-0 c3 9. bxc3 Bxc3 10. Rb1 0-0 11. Nc4 Nb6 12. Nxb6 cxb6 13. Ba3 Re8 14. Qd3 Ba5 15. Ne5 Nd5 16. Rfc1 Bd7 17. e4 Nf6 18. Nc4 Bc6 19. Nd6 Re7 20. d5 Bxa4 21. dxe6 Rxe6 22. e5 Rxe5 23. Qd4 Re6 24. Qxa4 Rxd6 25. Bxb7 Rd4 26. Qc6 Rb8 27. Bxa6 h5 28. Rb2 Rd1+ 29. Bf1 Rxc1 30. Qxc1 Ng4 31. Bc4 Rc8 32. Qf4 0-1

[Event "Hallstahammar op"]
[Site "Hallstahammar"]
[Date "2004.09.12"]
[Round "8"]
[White "Wickstrom, Lucas"]
[Black "Jiretorn, Eva"]
[Result "1-0"]
[WhiteElo "1921"]
[BlackElo "2183"]
[PlyCount "67"]
[EventDate "2004.09.10"]
[EventType "swiss"]
[EventRounds "8"]
[EventCountry "SWE"]
[SourceTitle "EXT 2005"]
[Source "ChessBase"]
[SourceDate "2004.11.15"]
[SourceVersion "1"]
[SourceVersionDate "2004.11.15"]
[SourceQuality "1"]

1. d4 d5 2. c4 c6 3. cxd5 cxd5 4. Nc3 Nf6 5. Bf4 a6 6. e3 Bf5 7. Nf3 h6 8. Rc1 Nc6 9. Bd3 Bxd3 10. Qxd3 e6 11. 0-0 Bd6 12. Bxd6 Qxd6 13. a3 0-0 14. b4 Nd7 15. e4 f5 16. e5 Qe7 17. Na4 g5 18. Nc5 Nxc5 19. Rxc5 g4 20. Nd2 Qg5 21. Nb3 f4 22. f3 h5 23. b5 axb5 24. Rxb5 gxf3 25. Rxf3 Rf7 26. Nc5 Rg7 27. Rb2 Nd8 28. Qb5 Kh7 29. Qe8 Qg4 30. Nd7 Qxf3 31. Nf6+ Kh6 32. Qh8+ Kg6 33. gxf3 Rc7 34. Qxh5+ 1-0

[Event "EU-ch (Women) 5th"]
[Site "Dresden"]
[Date "2004.03.27"]
[Round "7"]
[White "Papadopoulou, Vera"]
[Black "Jiretorn, Eva"]
[Result "1-0"]
[WhiteElo "2247"]
[BlackElo "2154"]
[PlyCount "77"]
[EventDate "2004.03.21"]
[EventType "swiss"]
[EventRounds "12"]
[EventCountry "GER"]
[SourceTitle "CBM 099 Extra"]
[Source "ChessBase"]
[SourceDate "2004.05.04"]
[SourceVersion "1"]
[SourceVersionDate "2004.05.04"]
[SourceQuality "1"]

1. d4 d5 2. c4 dxc4 3. e3 Nf6 4. Nf3 e6 5. Bxc4 a6 6. 0-0 c5 7. dxc5 Qxd1 8. Rxd1 Bxc5 9. b3 b5 10. Be2 Bb7 11. Bb2 Nbd7 12. a4 b4 13. Nbd2 0-0 14. Nc4 Bd5 15. Nfd2 Rfd8 16. Kf1 Nb6 17. Ne5 a5 18. Rac1 Rdc8 19. Bb5 Ne4 20. Nxe4 Bxe4 21. Ke2 Bd5 22. Rd3 Be4 23. Rd2 Bd5 24. Nc4 Nxc4 25. bxc4 Bc6 26. Rcd1 f6 27. g4 Kf7 28. h4 Be7 29. f4 Ra7 30. Bd4 Raa8 31. g5 Be4 32. Bb2 Rd8 33. Rd7 Rxd7 34. Rxd7 Rd8 35. Ra7 Bd3+ 36. Ke1 b3 37. Ba3 Bc2 38. Rxe7+ Kg6 39. Rd7 1-0

[Event "EU-ch (Women) 5th"]
[Site "Dresden"]
[Date "2004.03.23"]
[Round "3"]
[White "Koepke, Elena"]
[Black "Jiretorn, Eva"]
[Result "1-0"]
[WhiteElo "2303"]
[BlackElo "2154"]
[PlyCount "69"]
[EventDate "2004.03.21"]
[EventType "swiss"]
[EventRounds "12"]
[EventCountry "GER"]
[SourceTitle "CBM 099 Extra"]
[Source "ChessBase"]
[SourceDate "2004.05.04"]
[SourceVersion "1"]
[SourceVersionDate "2004.05.04"]
[SourceQuality "1"]

1. e4 c5 2. Nf3 d6 3. Bb5+ Bd7 4. Bxd7+ Qxd7 5. 0-0 Nc6 6. c3 Nf6 7. Qe2 e6 8. d4 cxd4 9. cxd4 Be7 10. Nc3 0-0 11. Bg5 h6 12. Bxf6 Bxf6 13. d5 Ne7 14. dxe6 Qxe6 15. Nb5 Rfc8 16. Rad1 Be5 17. b3 Ng6 18. Nfd4 Nf4 19. Qf3 Qf6 20. g3 Nh3+ 21. Kg2 Ng5 22. Qxf6 Bxf6 23. Nxd6 Rd8 24. N4f5 Rd7 25. f4 Ne6 26. Ne8 Bd4 27. Nexg7 Nc5 28. Nxd4 Kxg7 29. b4 Rad8 30. Nf5+ Kg6 31. Rxd7 Nxd7 32. Rd1 h5 33. Rd6+ Kh7 34. Ne3 Kg7 35. Nd5 1-0